Fabrication and testing of a multi-reflector type solar oven (Record no. 342189)
[ view plain ]
| 000 -LEADER | |
|---|---|
| fixed length control field | 00674nam a22001817a 4500 |
| 003 - CONTROL NUMBER IDENTIFIER | |
| control field | OSt |
| 082 ## - DEWEY DECIMAL CLASSIFICATION NUMBER | |
| Edition number | 631.56 BEE/FA |
| 088 ## - REPORT NUMBER | |
| Report number | P 4 |
| 100 ## - MAIN ENTRY--PERSONAL NAME | |
| Personal name | BEENA THOMAS |
| -- | HELEN ALEX |
| -- | JAYARAJAN R |
| -- | RAJEEV M |
| 9 (RLIN) | 3904 |
| 245 ## - TITLE STATEMENT | |
| Title | Fabrication and testing of a multi-reflector type solar oven |
| 260 ## - PUBLICATION, DISTRIBUTION, ETC. (IMPRINT) | |
| Place of publication, distribution, etc. | Tavanur 1992 |
| Name of publisher, distributor, etc. | Department of Agricultural Processing and Structure |
| 300 ## - PHYSICAL DESCRIPTION | |
| Extent | 82 |
| 500 ## - GENERAL NOTE | |
| General note | Fabrication and testing of a multi-reflector type solar oven |
| 520 ## - SUMMARY, ETC. | |
| Summary, etc. | Fabrication and testing of a multi-reflector type solar oven |
| 700 ## - ADDED ENTRY--PERSONAL NAME | |
| Personal name | Dr. Jobi V. Paul (Guide) |
| 9 (RLIN) | 3905 |
| 856 ## - ELECTRONIC LOCATION AND ACCESS | |
| Uniform Resource Identifier | <a href="https://drive.google.com/open?id=13ObQTFuyYfoUTvJf3iaPRJwuIL0Bg2So">https://drive.google.com/open?id=13ObQTFuyYfoUTvJf3iaPRJwuIL0Bg2So</a> |
| 942 ## - ADDED ENTRY ELEMENTS (KOHA) | |
| Koha item type | Project Report |
| Withdrawn status | Lost status | Damaged status | Not for loan | Collection code | Home library | Current library | Shelving location | Date acquired | Total Checkouts | Full call number | Barcode | Date last seen | Price effective from | Koha item type |
|---|---|---|---|---|---|---|---|---|---|---|---|---|---|---|
| Reference Book | Kelappaji College of Agricultural Engineering & Technology Library, Tavanur | Kelappaji College of Agricultural Engineering & Technology Library, Tavanur | Reference | 28/11/2022 | 631.56 BEE/FA | KAU_KCAEFT-P4 | 03/09/2025 | 03/09/2025 | Project Report |
